000
00495nam a2200133Ia 4500
008
100328s9999 xx 000 0 und d
082
_b
72013
100
_a
कुलकर्णी अनिल रघुनाथ.
245
_a
तळ्याकाठच्या सावल्या
260
_b
ब्लू बर्ड.
630
_a
तळ्याकाठच्या सावल्या
730
_a
तळ्याकाठच्या सावल्या
942
_c
BOOK
999
_c
557736
_d
557733